Introduction to the design and analysis of algorithms
Kaydedildi:
| Asıl Yazarlar: | , |
|---|---|
| Materyal Türü: | Kitap |
| Dil: | İngilizce |
| Baskı/Yayın Bilgisi: |
Nueva York
McGraw-Hill
1977
|
| Seri Bilgileri: | McGraw-Hill Computer Science Series
|
| Konular: | |
| Etiketler: |
Etiketle
Etiket eklenmemiş, İlk siz ekleyin!
|
MARC
| LEADER | 00000nam a2200000 a 4500 | ||
|---|---|---|---|
| 001 | UCU4607 | ||
| 003 | CL-VaPUC | ||
| 008 | 960524e19770000US |||||||||||||||||eng|d | ||
| 082 | 0 | 4 | |a 511.8 |b GOO |2 21 |
| 100 | 0 | |a Goodman, S. E |e author |9 362301 | |
| 700 | 0 | |a Hedetniemi, S. T |e author |9 362302 | |
| 245 | 1 | 0 | |a Introduction to the design and analysis of algorithms |
| 300 | |a 371 p | ||
| 942 | |c BK | ||
| 945 | |d 19960524 00:00:00 |a cmena | ||
| 260 | |a Nueva York |b McGraw-Hill |c 1977 | ||
| 650 | 0 | |a Algoritmos |9 260639 | |
| 650 | 0 | |a Lógica matemática |9 262442 | |
| 650 | 0 | |a Análisis numérico |9 259387 | |
| 650 | 0 | |a Programación de computadores |9 259531 | |
| 650 | 0 | |a Ecuaciones lineales |9 342219 | |
| 650 | 0 | |a Polinomios |9 270626 | |
| 583 | |a last modification |c 19960524 00:00:00 |k Rodrigo Vera | ||
| 490 | 0 | |a McGraw-Hill Computer Science Series | |
| 999 | |c 248272 |d 248270 | ||
| 952 | |0 0 |1 0 |4 0 |6 511_800000000000000_GOO_1977 |7 0 |8 A |9 264775 |a BIBING |b BIBING |d 2019-11-19 |i 1667211 |o 511.8 GOO 1977 |p 1667211 |r 2025-01-20 |w 2019-11-19 |y BK |k EIE | ||
| 952 | |0 0 |1 0 |4 0 |6 511_800000000000000_GOO_1977 |7 0 |8 A |9 264776 |a BIBMAT |b BIBMAT |d 2019-11-19 |i 3299597 |o 511.8 GOO 1977 |p 3299597 |r 2025-01-07 |w 2019-11-19 |y BK |k MAT | ||